000 00346cam a22001217a 4500
008 180718b1960 xxu||||| |||| 00| 0 eng d
082 _aU2x54 F779
100 _aSreenivasan, M.A.
245 _aControls and freedom
_cby M.A. Sreenivasan
260 _aBombay
_bThe Forum
_c1960
300 _a9p.
650 _aGovernment Regulation of Business - India
999 _c479327
_d479327